| 000 | 00957cam a2200301 4500 | ||
|---|---|---|---|
| 999 |
_c9850 _d9850 |
||
| 001 | 9850 | ||
| 003 | BD-JhCC | ||
| 005 | 20181205105229.0 | ||
| 008 | 180402t19701969nyuab b 001 0 eng | ||
| 020 | _a0810980193 | ||
| 035 | _a(BD-JhCC)9850 | ||
| 040 |
_aDLC _cDLC _dDLC _dBD-JhCC |
||
| 041 | 1 | _aengdut | |
| 050 | 0 | 0 |
_aDS56 _b.R913 |
| 082 | 0 | 0 |
_a709.394 _bRYV 1969 |
| 100 | 2 | _aRy van Beest Holle, Carel J. du. | |
| 240 | 1 | 0 | _aVolken van het oude oosten. |
| 245 | 1 | 0 |
_aArt of the ancient Near and Middle East / _cText by Carel J. Du Ry. [Translated from the Dutch by Alexis Brown] |
| 260 |
_aNew York : _bH. N. Abrams, _c1970, c1969. |
||
| 300 |
_a264 p. _billus., (part col.), col. maps. _c23 cm. |
||
| 490 | 0 | _aPanorama of world art | |
| 500 | _aTranslation of De volken van het oude oosten. | ||
| 504 | _aBibliography: p. 258-260. | ||
| 650 | 0 |
_aArt _zMiddle East. |
|
| 651 | 0 |
_aMiddle East _xAntiquities. |
|
| 942 |
_2ddc _cBK |
||